| 000 -LEADER |
| fixed length control field |
01518cam a2200385 i 4500 |
| 001 - CONTROL NUMBER |
| control field |
10843452 |
| 003 - CONTROL NUMBER IDENTIFIER |
| control field |
OSt |
| 005 - DATE AND TIME OF LATEST TRANSACTION |
| control field |
20180116192431.0 |
| 006 - FIXED-LENGTH DATA ELEMENTS--ADDITIONAL MATERIAL CHARACTERISTICS |
| fixed length control field |
m o d |
| 007 - PHYSICAL DESCRIPTION FIXED FIELD--GENERAL INFORMATION |
| fixed length control field |
cr cn||||||||| |
| 008 - FIXED-LENGTH DATA ELEMENTS--GENERAL INFORMATION |
| fixed length control field |
140205t20102010sz a ob 001 0 eng|d |
| 020 ## - INTERNATIONAL STANDARD BOOK NUMBER |
| Canceled/invalid ISBN |
9783034602846 (softcover) |
| 020 ## - INTERNATIONAL STANDARD BOOK NUMBER |
| Canceled/invalid ISBN |
9783034602822 |
| 020 ## - INTERNATIONAL STANDARD BOOK NUMBER |
| International Standard Book Number |
9783034614474 (ebook) |
| 020 ## - INTERNATIONAL STANDARD BOOK NUMBER |
| International Standard Book Number |
9783034602822 |
| 020 ## - INTERNATIONAL STANDARD BOOK NUMBER |
| International Standard Book Number |
9783034602846 |
| 035 ## - SYSTEM CONTROL NUMBER |
| System control number |
(CaPaEBR)ebr10831515 |
| 035 ## - SYSTEM CONTROL NUMBER |
| System control number |
(NNC)10843452 |
| 040 ## - CATALOGING SOURCE |
| Original cataloging agency |
CaPaEBR |
| Language of cataloging |
eng |
| Description conventions |
rda |
| -- |
pn |
| Transcribing agency |
CaPaEBR |
| 050 14 - LIBRARY OF CONGRESS CALL NUMBER |
| Classification number |
NA2850 |
| Item number |
.H38 2010eb |
| 082 04 - DEWEY DECIMAL CLASSIFICATION NUMBER |
| Classification number |
729 |
| Edition number |
23 |
| 100 1# - MAIN ENTRY--PERSONAL NAME |
| Personal name |
Hausladen, Gerhard. |
| 9 (RLIN) |
8316 |
| 245 10 - TITLE STATEMENT |
| Title |
Interiors construction manual : |
| Remainder of title |
integrated planning, finishings and fitting-out, technical services / |
| Statement of responsibility, etc. |
Hausladen, Tichelmann. |
| 260 ## - PUBLICATION, DISTRIBUTION, ETC. |
| Place of publication, distribution, etc. |
Basel: |
| Date of publication, distribution, etc. |
2010. |
| 300 ## - PHYSICAL DESCRIPTION |
| Extent |
p 286: |
| Other physical details |
illustrations (some color) |
| 504 ## - BIBLIOGRAPHY, ETC. NOTE |
| Bibliography, etc. note |
Includes bibliographical references and index. |
| 505 0# - FORMATTED CONTENTS NOTE |
| Formatted contents note |
part A. Space and form -- part B. Integrated planning -- part C. Finishings and fitting-out -- part D. Technical services -- part E. Case studies -- part F. Appendix. |
| 590 ## - LOCAL NOTE (RLIN) |
| Local note |
Electronic reproduction. Palo Alto, Calif. : ebrary, 2014. Available via World Wide Web. Access may be limited to ebrary affiliated libraries. |
| 650 #0 - SUBJECT ADDED ENTRY--TOPICAL TERM |
| Topical term or geographic name entry element |
Interior architecture. |
| 9 (RLIN) |
8317 |
| 700 1# - ADDED ENTRY--PERSONAL NAME |
| Personal name |
Tichelmann, Karsten, |
| Dates associated with a name |
1965- |
| 9 (RLIN) |
8315 |
| 797 2# - LOCAL ADDED ENTRY--CORPORATE NAME (RLIN) |
| Corporate name or jurisdiction name as entry element |
ebrary. |
| 9 (RLIN) |
8314 |
| 856 40 - ELECTRONIC LOCATION AND ACCESS |
| Uniform Resource Identifier |
<a href="http://www.columbia.edu/cgi-bin/cul/resolve?clio10843452">http://www.columbia.edu/cgi-bin/cul/resolve?clio10843452</a> |
| Public note |
Click here for full text. |
| 942 ## - ADDED ENTRY ELEMENTS (KOHA) |
| Source of classification or shelving scheme |
|
| Koha item type |
Reference |